000 00491nam a2200145 a 4500
001 000027425
005 20200930030827.0
008 110331s1987 dr 000 0 spa d
040 _aDO-SdBNP
_bspa
_cBNPHU
110 1 _aRepública Dominicana.
_bInstituto Nacional de la Vivienda (INVI)
_954493
245 1 0 _aEstadísticas Básicas del sector vivienda :
_bRepública Dominicana 1980-1985.
260 _aSanto Domingo :
_bUniversal,
_c1987.
300 _a150 p. :
_bil. ;
_c28 cm.
049 _aBNPD
999 _c26917
_d26917